000 00579nam a2200169Ia 4500
005 20250508155307.0
008 008 250505s9999 xx 000 0 eng d
037 _aTextual
040 _aFEDL
_beng
_cFEDL
041 _aeng
_2eng
084 _a371.332, NCE
_qFEDL
245 0 _aReport of the all India workshop on experimental projects solan (Himachal Pradesh) : From 25th June to 4th July-1962
260 _aDelhi, India
_bNational Council of Education Research anf Training
300 _a133p.
942 _cTEXL
_h371.332, NCE
999 _c1355895
_d1355895